000 01414nam a2200373 i 4500
003 OSt
005 20211117141539.0
008 211111t20182018enka jr6 000 1 eng d
020 _a9781910619926
_cRM 38.26
_qpaperback
040 _aPPAK
_beng
_cPPAK
_erda
082 0 4 _a741.5973
_223
090 0 0 _a741.5973
_bSHA
_dK
100 0 _aShakespeare, William,
_d1564-1616.
_eauthor.
_tMidsummer night's dream.
245 1 2 _aA MIDSUMMER NIGHT'S DREAM /
_cWilliam Shakespeare ; Adaptation: Samuel Willinsky ; Illustrated by: Alex A. Blum.
246 3 _iAt head of title:
_aClassics illustrated featuring Stories by the World's Greatest Authors.
264 1 _aNewbury, Berkshire :
_bCCS Books,
_c2018
264 4 _c©2018
300 _a48 pages :
_bchiefly colour illustrations ;
_c25 cm.
336 _atext
_2rdacontent
336 _astill image
_2rdacontent
337 _aunmediated
_2rdamedia
338 _avolume
_2rdacarrier
490 1 _aClassics illustrated ;
_vNo. 49
520 _a
521 _aPrimary.
600 0 _aShakespeare, William,
_d1564-1616.
_tMidsummer night's dream.
_vAdaptations.
650 2 0 _aChildren's stories
_vComic books, strips, etc.
655 7 _aGraphic novels.
_2lcgft
655 7 _aComics adaptations.
_2lcgft
700 1 _aWillinsky, Samuel,
_eadapter.
700 1 _aBlum, Alex A.,
_eillustrator.
830 0 _aClassics illustrated ;
_vNo. 49
942 _2ddc
_cB
999 _c185972
_d185972